Practical cookery / (Record no. 18627)
[ view plain ]
| 000 -LEADER | |
|---|---|
| fixed length control field | 00720nam a22002412 4500 |
| 001 - CONTROL NUMBER | |
| control field | 0000005312 |
| 003 - CONTROL NUMBER IDENTIFIER | |
| control field | OSt |
| 005 - DATE AND TIME OF LATEST TRANSACTION | |
| control field | 20201118161116.0 |
| 008 - FIXED-LENGTH DATA ELEMENTS--GENERAL INFORMATION | |
| fixed length control field | 070611s xx 000 0 eng d |
| 020 ## - INTERNATIONAL STANDARD BOOK NUMBER | |
| International Standard Book Number | 9781510461802 |
| Terms of availability | KES 2350 |
| 040 ## - CATALOGING SOURCE | |
| Original cataloging agency | KABU |
| Transcribing agency | KABU |
| 050 #0 - LIBRARY OF CONGRESS CALL NUMBER | |
| Classification number | TX 820 |
| Item number | .P73 2019 c. 1 |
| 245 10 - TITLE STATEMENT | |
| Title | Practical cookery / |
| Statement of responsibility, etc. | David Foskett ...[et al.]. |
| 250 ## - EDITION STATEMENT | |
| Edition statement | 14th ed. |
| 260 ## - PUBLICATION, DISTRIBUTION, ETC. (IMPRINT) | |
| Place of publication, distribution, etc. | London : |
| Name of publisher, distributor, etc. | Hodder Education, |
| Date of publication, distribution, etc. | 2019. |
| 300 ## - PHYSICAL DESCRIPTION | |
| Extent | xii, 636 p. |
| 650 #0 - SUBJECT ADDED ENTRY--TOPICAL TERM | |
| Topical term or geographic name as entry element | Cookery. |
| 650 #0 - SUBJECT ADDED ENTRY--TOPICAL TERM | |
| Topical term or geographic name as entry element | Quantity cooking |
| 700 1# - ADDED ENTRY--PERSONAL NAME | |
| Personal name | Foskett, David ...[et al.]. |
| 908 ## - PUT COMMAND PARAMETER (RLIN) | |
| Put command parameter | 070611 |
| 942 ## - ADDED ENTRY ELEMENTS (KOHA) | |
| Source of classification or shelving scheme | Library of Congress Classification |
| Koha item type | General Collection |
| Edition | 13th ed. |
| Classification part | TX820 |
| Item part | .P73 2015 c. 1 |
| Withdrawn status | Lost status | Source of classification or shelving scheme | Not for loan | Home library | Current library | Date acquired | Cost, normal purchase price | Inventory number | Total Checkouts | Total Renewals | Full call number | Barcode | Checked out | Date last seen | Date last checked out | Copy number | Price effective from | Koha item type |
|---|---|---|---|---|---|---|---|---|---|---|---|---|---|---|---|---|---|---|
| Library of Congress Classification | Kabarak, Nakuru City Campus | Kabarak, Main Campus | 18/11/2020 | 2184.00 | 2020/1620 | 4 | 2 | TX 820 .P73 2019 c. 1 | 029379 | 05/09/2026 | 22/05/2026 | 22/05/2026 | C. 1 | 18/11/2020 | General Collection | |||
| Library of Congress Classification | Kabarak, Nakuru City Campus | Kabarak, Main Campus | 18/11/2020 | 2184.00 | 2020/1651 | 15 | 2 | TX 820 .P73 2019 c. 2 | 029380 | 18/05/2026 | 30/01/2026 | C. 2 | 18/11/2020 | General Collection |